Statistics for 世界地图-缺少20个国家

Click here to take the quiz!

General Stats

  • This quiz has been taken 8 181 times
  • The average score is 12 of 20

Answers on the Map

Answers color-coded by a green-red scale on the quiz's map according to % correct below.
 

Answer Stats

国家% Correct
美国
100%
蒙古
99%
中华人民共和国
99%
加拿大
99%
俄罗斯
98%
哈萨克斯坦
97%
墨西哥
96%
阿根廷
95%
尼泊尔
94%
印度
94%
法国
94%
埃及
94%
巴西
94%
巴基斯坦
93%
德国
93%
乌克兰
93%
阿富汗
92%
沙特阿拉伯
91%
波兰
89%
伊朗
89%
印度尼西亚
89%
阿尔及利亚
88%
土耳其
88%
利比亚
87%
意大利
87%
南非
87%
西班牙
87%
泰国
86%
奥地利
86%
苏丹
86%
瑞典
85%
缅甸
84%
埃塞俄比亚
84%
澳大利亚
83%
瑞士
83%
哥伦比亚
83%
玻利维亚
82%
巴拉圭
82%
老挝
82%
斯洛伐克
81%
捷克
81%
白俄罗斯
81%
吉尔吉斯斯坦
81%
伊拉克
81%
英国
80%
朝鲜
80%
巴拿马
80%
秘鲁
80%
塔吉克斯坦
79%
乌兹别克斯坦
79%
罗马尼亚
78%
日本
77%
芬兰
77%
中非共和国
77%
匈牙利
77%
土库曼斯坦
76%
南苏丹
75%
圭亚那
74%
塞尔维亚
74%
马里
72%
也门
71%
乌拉圭
71%
柬埔寨
71%
委内瑞拉
71%
尼日利亚
70%
韩国
70%
刚果
69%
保加利亚
69%
坦桑尼亚
67%
赞比亚
66%
克罗地亚
65%
巴布亚新几内亚
65%
比利时
65%
乍得
65%
智利
65%
安哥拉
65%
贝宁
64%
尼日尔
63%
肯尼亚
63%
摩尔多瓦
63%
危地马拉
63%
立陶宛
63%
塞内加尔
62%
博茨瓦纳
62%
孟加拉国
62%
津巴布韦
62%
约旦
62%
纳米比亚
61%
莫桑比克
61%
新西兰
61%
毛里塔尼亚
61%
阿曼
61%
波斯尼亚和黑塞哥维亚
59%
葡萄牙
59%
摩洛哥
59%
马来西亚
59%
斯洛文尼亚
59%
挪威
59%
希腊
58%
拉脱维亚
58%
苏里南
58%
哥斯达黎加
58%
刚果民主共和国
56%
越南
56%
科索沃
56%
多哥
56%
丹麦
55%
厄瓜多尔
54%
加纳
54%
几内亚
54%
喀麦隆
54%
乌干达
53%
北马其顿
53%
布基纳法索
52%
叙利亚
52%
科特迪瓦
51%
格鲁吉亚
51%
尼加拉瓜
50%
加蓬
50%
莱索托
50%
亚美尼亚
50%
洪都拉斯
48%
马拉维
45%
索马里
45%
阿塞拜疆
45%
菲律宾
45%
以色列
44%
古巴
44%
爱尔兰
44%
斯里兰卡
44%
荷兰
43%
厄立特里亚
43%
斯威士兰
42%
赤道几内亚
42%
突尼斯
41%
马达加斯加
40%
几内亚比绍
39%
海地
39%
卢旺达
39%
利比里亚
39%
爱沙尼亚
35%
冰岛
35%
布隆迪
35%
马尔代夫
34%
阿尔巴尼亚
33%
多米尼加
32%
塞拉利昂
32%
阿联酋
28%
巴哈马
26%
密克罗尼西亚联邦
24%
伯利兹
22%
佛得角
21%
塞舌尔
20%
基里巴斯
19%
斐济
19%
瑙鲁
18%
毛里求斯
18%
所罗门群岛
18%
马耳他
17%
圣多美
17%
牙买加
17%
科威特
17%
萨尔瓦多
16%
帕劳
14%
科摩罗
14%
马绍尔群岛
12%
汤加
10%
萨摩亚
9%
瓦努阿图
8%
图瓦卢
8%

Score Distribution

Percentile by Number Answered

Percent of People with Each Score

Your Score History

You have not taken this quiz